000 00327nam a2200133Ia 4500
005 20260328104344.0
008 260328s9999||||xx |||||||||||||| ||und||
100 _aMinguet, Anna
245 0 _aTiny Hideaways, Oasis in pure Nature /
_cAnna Minguet
260 _bMonsa
300 _a134 p.
650 _aREFUGIOS
942 _cBK
999 _c12241
_d12241